01831nam a22001217a 4500041000800000080000700008100002800015245015300043260003100196300000700227520145500234650002001689 aukr a09 aАндрощук В.Р. aЛексико-семантичне поле "людські стосунки" у творі Джека Лондона "Місячна долина" aОстрогbКАФc2007 a56 aВступ Розділ 1. Семантика як наука та методи семантичного дослідження. 1.1. Семантика як галузь мовознавства. 1.2. Методи семантичного дослідження. Розділ 2. Поняття поля у лінгвістиці. 2.1. Лексико-семантичне поле як структурний компонент та метод його дослідження. 2.2. Класифікація полів. 2.3. Типи зв’язків у лексичних польових структурах. 2.4. Відмінність ЛСП і ЛСГ і синонімічного ряду. 2.5. Поняття насиченості та варіативності семантичного поля. Розділ 3. Аналіз лексико-семантичного поля «людські стосунки» на прикладі твору Джека Лондона «Місячна людина». 3.1. Лексеми, які відносяться до лексико-семантичного поля «людські стосунки» та їх аналіз. 3.2. Варіативність та насиченість семантичного поля «людські стосунки» у досліджуваному творі. Висновки.0семантика, семантичне поле, лінгвістика aResearch Papers